| 000 | 00718nam a2200217 a 4500 | ||
|---|---|---|---|
| 001 | 37359 | ||
| 003 | BD-RjUL | ||
| 005 | 20211209052613.0 | ||
| 008 | 141203s2004 ii a|||| |||| 00| 0 eng d | ||
| 020 | _a8186623809 | ||
| 035 | _a(BD-RjUL)37462 | ||
| 040 |
_aBD-RjUL _beng _cBD-RjUL |
||
| 041 | _aeng | ||
| 082 |
_219 _a 615.321 _bCOM 2004 |
||
| 245 |
_aCompendium of medicinal plants / _cby NIIR Board of Consultants & Engineers. |
||
| 260 |
_aDelhi, India : _bNational Institute of Industrial Research, _c [2004?]. |
||
| 300 |
_a 444 p. : _b ill. ; _c 22 cm. |
||
| 650 |
_2 Medicinal plants _xHandbooks, manuals, etc. _zIndia _9114516 |
||
| 710 |
_a NIIR Board of Consultants & Engineers. _9114521 |
||
| 942 |
_2ddc _cBK |
||
| 999 |
_c37359 _d37359 |
||